|
|
|
|
| LEADER |
00860nam a2200229 a 4500 |
| 001 |
577704 |
| 008 |
120126s2010 enka b 000 0 eng d |
| 020 |
|
|
|a 9780194372398
|
| 020 |
|
|
|a 0194372391 (pbk.)
|
| 040 |
|
|
|a Uk
|b eng
|d Uk
|d BD-DhAAL
|
| 082 |
0 |
4 |
|a 414
|2 21
|
| 100 |
1 |
|
|a Roach, Peter,
|d 1943-
|
| 245 |
1 |
0 |
|a Phonetics /
|c Peter Roach.
|
| 260 |
|
|
|a Oxford :
|b Oxford University Press,
|c c2001 [Printed 2010]
|
| 300 |
|
|
|a x, 116 p. :
|b ill. ;
|c 20 cm.
|
| 490 |
0 |
|
|a Oxford introductions to language study
|
| 504 |
|
|
|a Includes bibliographical references [99-105 p.]
|
| 541 |
|
|
|e 00024365
|
| 650 |
|
0 |
|a Phonetics
|
| 852 |
1 |
|
|a Ayesha Abed Library
|c General shelf.
|
| 999 |
|
|
|c 11876
|d 11876
|
| 952 |
|
|
|0 0
|1 0
|4 0
|6 414_ROA
|7 0
|9 19419
|a BRACUL
|b BRACUL
|c GEN
|d 2012-02-15
|e Karim International
|g 1425.00
|l 9
|m 71
|o 414 ROA
|p 3010024365
|r 2025-10-07
|s 2025-06-18
|t 1
|w 2012-02-15
|y BK
|x Available
|